书目信息 |
| 题名: |
亚非拉文学作品选
|
|
| 作者: | 俞灏东 | |
| 分册: | 五 | |
| 出版信息: | 银川 1982 |
|
| 页数: | 321页 | |
| 开本: | 20cm | |
| 丛书名: | ||
| 单 册: | ||
| 中图分类: | I1 | |
| 科图分类: | ||
| 主题词: | 文学--世界 | |
| 电子资源: | ||
| ISBN: | ||
| 000 | 00455nam0 2200169 450 | |
| 001 | 0728815141 | |
| 005 | 20070819080015.14 | |
| 100 | @a20070819d km y0chiy0120 ea | |
| 101 | 0 | @achi |
| 200 | 1 | @a亚非拉文学作品选@Aya fei la wen xue zuo pin xuan@h五@f俞灏东@Fyu hao dong |
| 210 | @a银川@d1982 | |
| 215 | @a321页@d20cm | |
| 606 | 0 | @a文学@x世界 |
| 690 | @aI1@v3 | |
| 701 | 0 | @a俞灏东@Ayu hao dong |
| 801 | 0 | @aCN@bPFT@c20070819 |
| 905 | @a213230@dI1@eZW188:5@f1 | |
| 亚非拉文学作品选.五/俞灏东.-银川,1982 |
| 321页;20cm |
| ISBN : |
| ● |
| 相关链接 |
|
|
|
|
正题名:亚非拉文学作品选
索取号:I1/ZW188:5
 
预约/预借
| 序号 | 登录号 | 条形码 | 馆藏地/架位号 | 状态 | 备注 |
| 1 | 7614465 | 276144655 | 密集书库-文学院/ [索取号:I1/ZW188:5] | 在馆 |